Molecular Biology of the Cell/ (Record no. 6996)
[ view plain ]
| 000 -LEADER | |
|---|---|
| fixed length control field | 01810cam a2200373 a 4500 |
| 001 - CONTROL NUMBER | |
| control field | 1571758 |
| 003 - CONTROL NUMBER IDENTIFIER | |
| control field | OSt |
| 005 - DATE AND TIME OF LATEST TRANSACTION | |
| control field | 20240625114722.0 |
| 008 - FIXED-LENGTH DATA ELEMENTS--GENERAL INFORMATION | |
| fixed length control field | 101118s2011 enka b 001 0 eng |
| 010 ## - LIBRARY OF CONGRESS CONTROL NUMBER | |
| LC control number | 2010046059 |
| 015 ## - NATIONAL BIBLIOGRAPHY NUMBER | |
| National bibliography number | GBB0C7496 |
| Source | bnb |
| 016 7# - NATIONAL BIBLIOGRAPHIC AGENCY CONTROL NUMBER | |
| Record control number | 015678350 |
| Source | Uk |
| 020 ## - INTERNATIONAL STANDARD BOOK NUMBER | |
| International Standard Book Number | 0131975315 |
| 040 ## - CATALOGING SOURCE | |
| Original cataloging agency | MUST LIB |
| Transcribing agency | MUST |
| Modifying agency | MUST |
| 041 0# - LANGUAGE CODE | |
| Language code of text/sound track or separate title | eng |
| 042 ## - AUTHENTICATION CODE | |
| Authentication code | nlmcopyc |
| 082 00 - DEWEY DECIMAL CLASSIFICATION NUMBER | |
| Classification number | 571.5 |
| Edition number | 20 |
| Item number | WIL |
| 100 1# - MAIN ENTRY--PERSONAL NAME | |
| Personal name | John Wilson and Tim Hunt |
| 9 (RLIN) | 14139 |
| 245 10 - TITLE STATEMENT | |
| Title | Molecular Biology of the Cell/ |
| Remainder of title | A problem Approach. |
| 250 ## - EDITION STATEMENT | |
| Edition statement | 4th ed. |
| 260 ## - PUBLICATION, DISTRIBUTION, ETC. (IMPRINT) | |
| Place of publication, distribution, etc. | New York |
| Name of publisher, distributor, etc. | Garland |
| Date of publication, distribution, etc. | 2002 |
| 300 ## - PHYSICAL DESCRIPTION | |
| Extent | xxii, 711p. : |
| Other physical details | ill. (chiefly col.) ; |
| Dimensions | 28 cm. |
| 336 ## - CONTENT TYPE | |
| Content type term | text |
| Content type code | txt |
| Source | rdacontent |
| 337 ## - MEDIA TYPE | |
| Media type term | unmediated |
| Media type code | n |
| Source | rdamedia |
| 338 ## - CARRIER TYPE | |
| Carrier type term | volume |
| Carrier type code | nc |
| Source | rdacarrier |
| 504 ## - BIBLIOGRAPHY, ETC. NOTE | |
| Bibliography, etc | Includes bibliographical references and index. |
| 505 0# - FORMATTED CONTENTS NOTE | |
| Formatted contents note | Introduction -- Genes, environment, and evolution -- The nervous and endocrine systems -- How the cells of the nervous system work -- The brain : basics of structure and role -- Development and plasticity -- Sensory systems : general principles -- Vision -- The other sensory systems -- The control of movement -- Learning and memory -- Emotion -- Stress and coping -- Pain -- Motivation -- Feeding and drinking -- Sexual behaviour -- Drugs and addiction -- Sleep and waking -- Cognition and action -- Brains, minds, and consciousness -- When things go wrong. |
| 650 12 - SUBJECT ADDED ENTRY--TOPICAL TERM | |
| Topical term or geographic name as entry element | Behavior |
| General subdivision | physiology |
| Authority record control number | https://id.nlm.nih.gov/mesh/D001519Q000502 |
| 9 (RLIN) | 14140 |
| 650 12 - SUBJECT ADDED ENTRY--TOPICAL TERM | |
| Topical term or geographic name as entry element | Psychophysiology |
| Authority record control number | https://id.nlm.nih.gov/mesh/D011603 |
| 9 (RLIN) | 3210 |
| 650 22 - SUBJECT ADDED ENTRY--TOPICAL TERM | |
| Topical term or geographic name as entry element | Nervous System Physiological Phenomena |
| Authority record control number | https://id.nlm.nih.gov/mesh/D009424 |
| 9 (RLIN) | 14141 |
| 650 22 - SUBJECT ADDED ENTRY--TOPICAL TERM | |
| Topical term or geographic name as entry element | Neurobiology |
| Authority record control number | https://id.nlm.nih.gov/mesh/D009446 |
| 9 (RLIN) | 14142 |
| 942 ## - ADDED ENTRY ELEMENTS (KOHA) | |
| Source of classification or shelving scheme | Dewey Decimal Classification |
| Koha item type | Open Shelf |
| Withdrawn status | Lost status | Source of classification or shelving scheme | Damaged status | Not for loan | Home library | Current library | Date acquired | Source of acquisition | Inventory number | Total Checkouts | Full call number | Barcode | Date last seen | Price effective from | Koha item type |
|---|---|---|---|---|---|---|---|---|---|---|---|---|---|---|---|
| Dewey Decimal Classification | MUST Main Library | MUST Main Library | 04/06/2021 | donation | 06/27288 | 573.8ROS 2002 | 2021-0668 | 04/06/2021 | 04/06/2021 | Open Shelf |
